The sailing ships of New England. : Series three /

Bibliographic Details
Main Author: Dow, George Francis, 1868-1936
Format: Book
Language:English
Published: Salem, Mass. : Marine Research Society, 1928.
Series:Publication ... of the Marine Research Society ; no. 18.
Subjects:

MARC

Tag First Indicator Second Indicator Subfields
LEADER 00000cam a2200000 4500
001 in00000051856
005 20151007074042.0
008 751205s1928 mauaf 00010 eng
010 |a  28024912  
035 |a (OCoLC)01877032 
035 |9 AAF0850AM 
040 |a DLC  |c IAU  |d TXA  |d UtOrBLW 
049 |a TXAS [naut] 
050 0 0 |a VM23  |b .R63 
100 1 |a Dow, George Francis,  |d 1868-1936. 
245 1 4 |a The sailing ships of New England. :  |b Series three /  |c by George francis Dow. 
264 1 |a Salem, Mass. :  |b Marine Research Society,  |c 1928. 
300 |a 45 pages :  |b illustrations, 215 plates ;  |c 26 cm. 
336 |a text  |b txt  |2 rdacontent 
337 |a unmediated  |b n  |2 rdamedia 
338 |a volume  |b nc  |2 rdacarrier 
490 1 |a Marine research society, Salem, Mass. Publication ;  |v no. 18 
500 |a First and second series of The sailing ships of New England by John Robinson and George Francis Dow. 
650 0 |a Ships. 
650 0 |a Shipping  |z New England. 
830 0 |a Publication ... of the Marine Research Society ;  |v no. 18. 
999 |a MARS 
999 f f |s 9b9e87b0-eda8-3401-8bc7-8e0601d3da9d  |i f142790a-ea5e-31e9-a61e-ebe5e86c1dde  |t 0 
952 f f |p noncirc  |a Texas A&M University  |b College Station  |c Cushing Memorial Library & Archives  |d Cushing: Maritime (Does not check out)  |t 0  |e VM23 .R63  |h Library of Congress classification  |i unmediated -- volume 
998 f f |a VM23 .R63  |t 0  |l Cushing: Maritime (Does not check out)